[Event "Hradec Kralove Open 2022 - A FIDE Open"]
[Site "Cernigov hotel, Hradec Kralove"]
[Date "2022.11.08"]
[Round "4"]
[Board "13"]
[White "Peglau, Dora"]
[Black "Novotny, Lubomir"]
[Result "0-1"]
[WhiteElo "1798"]
[BlackElo "1846"]
[PlyCount "100"]
[EventDate "2022.11.05"]
[EventRounds "9"]
[EventCountry "CZE"]

1. e4 g6 2. d4 Bg7 3. c4 d6 4. Nc3 Nf6 5. Be2 O-O 6. Be3 c6 7. h4 Qa5 8. f3 h5 9.
Qd2 e5 10. d5 b5 11. cxb5 cxd5 12. exd5 Bb7 13. Rd1 Nbd7 14. Bc4 Rac8 15. Bb3 Nc5
16. Bc2 Rfe8 17. Ne4 Qxd2+ 18. Rxd2 Ncxe4 19. fxe4 Ng4 20. Bxa7 Bh6 21. Re2 Ra8 22.
b6 Rec8 23. Bd1 Rc1 24. Rh3 Rac8 25. Rc3 R8xc3 26. bxc3 Ne3 27. Rd2 Rxc3 28. Bb8
Rc1 29. Ne2 Rb1 30. Nc3 Rxb6 31. Bc7 Ra6 32. Rb2 Ra3 33. Nb1 Ra7 34. Bb6 Nc4 35.
Rb4 Nxb6 36. Rxb6 Bf4 37. Rxd6 Rxa2 38. Rb6 Bg3+ 39. Kf1 Ba6+ 40. Rxa6 Rxa6 41. Nc3
Ra1 42. Ke2 Bxh4 43. Na4 Ra2+ 44. Kf3 Rf2+ 45. Ke3 Rxg2 46. d6 Bg5+ 47. Kf3 Rd2 48.
Be2 Rxd6 49. Nc3 Kg7 50. Nd5 Rd8  0-1

[Event "Hradec Kralove Open 2022 - A FIDE Open"]
[Site "Cernigov hotel, Hradec Kralove"]
[Date "2022.11.08"]
[Round "4"]
[Board "14"]
[White "Kalveus, Jan"]
[Black "Tesar, Jan"]
[Result "0-1"]
[WhiteElo "1766"]
[BlackElo "1977"]
[PlyCount "94"]
[EventDate "2022.11.05"]
[EventRounds "9"]
[EventCountry "CZE"]

1. d4 d5 2. c4 e5 3. dxe5 d4 4. g3 Nc6 5. Nf3 Nge7 6. Bg2 Ng6 7. Bg5 Bb4+ 8. Nbd2
Qd7 9. a3 Bxd2+ 10. Qxd2 Ngxe5 11. Nxe5 Nxe5 12. b3 O-O 13. Rd1 c5 14. O-O h6 15.
Bf4 Ng6 16. b4 Qe7 17. bxc5 Nxf4 18. Qxf4 Qxc5 19. Rxd4 Qxa3 20. Rfd1 Qe7 21. Qd2
Be6 22. Bd5 Rfe8 23. Bxe6 Qxe6 24. e3 b6 25. Qd3 Rec8 26. Re4 Qf6 27. Rd4 Rc7 28.
Rf4 Qc6 29. Qd5 Qe8 30. Re4 Qf8 31. Rdd4 a5 32. Qb5 Qb8 33. Re5 a4 34. Rde4 Rc8 35.
Qb2 a3 36. Qa2 Qd6 37. Rd5 Qb4 38. Rb5 Qe1+ 39. Kg2 Rd8 40. Rd5 Qc3 41. Red4 Rxd5
42. Rxd5 Qb2 43. Rd2 Qxd2 44. Qxd2 a2 45. Qd4 a1=Q 46. Qxb6 Qe5 47. c5 Rc8  0-1

[Event "Hradec Kralove Open 2022 - A FIDE Open"]
[Site "Cernigov hotel, Hradec Kralove"]
[Date "2022.11.08"]
[Round "4"]
[Board "15"]
[White "Sykora, Marek"]
[Black "Endler, Boris"]
[Result "1-0"]
[WhiteElo "2251"]
[BlackElo "1549"]
[PlyCount "23"]
[EventDate "2022.11.05"]
[EventRounds "9"]
[EventCountry "CZE"]

1. e4 e5 2. Nf3 Nc6 3. Bc4 Nf6 4. Ng5 d5 5. exd5 Na5 6. Bb5+ c6 7. dxc6 bxc6 8. Qf3
Bd7 9. Ba4 h6 10. Ne4 Nxe4 11. Qxe4 Bd6 12. b4  1-0

[Event "Hradec Kralove Open 2022 - A FIDE Open"]
[Site "Cernigov hotel, Hradec Kralove"]
[Date "2022.11.08"]
[Round "5"]
[Board "1"]
[White "Gorkiewicz, Mateusz"]
[Black "Peglau, Charis"]
[Result "1/2-1/2"]
[WhiteElo "2028"]
[BlackElo "1974"]
[PlyCount "54"]
[EventDate "2022.11.05"]
[EventRounds "9"]
[EventCountry "CZE"]

1. e4 c6 2. d4 d5 3. e5 Bf5 4. c4 e6 5. Nc3 Nd7 6. a3 dxc4 7. Bxc4 Nb6 8. Ba2 Ne7
9. Nge2 Ned5 10. Ng3 Bg6 11. Nce4 Be7 12. O-O O-O 13. f4 Qc8 14. Bd2 Rd8 15. Qf3
Kh8 16. Kh1 a5 17. Rac1 Na4 18. Qb3 b5 19. Qc2 Qd7 20. Bb3 Ndb6 21. Bxa4 Nxa4 22.
b3 Nb6 23. Qxc6 Bxe4 24. Nxe4 Qxd4 25. Bc3 Qd5 26. Qxb6 Qxe4 27. Qxb5 Bxa3  1/2-1/2

[Event "Hradec Kralove Open 2022 - A FIDE Open"]
[Site "Cernigov hotel, Hradec Kralove"]
[Date "2022.11.08"]
[Round "5"]
[Board "2"]
[White "Jirasek, Pavel"]
[Black "Arndt, Stefan"]
[Result "1/2-1/2"]
[WhiteElo "2291"]
[BlackElo "2176"]
[PlyCount "68"]
[EventDate "2022.11.05"]
[EventRounds "9"]
[EventCountry "CZE"]

1. c4 e6 2. Nf3 d5 3. d4 Nf6 4. g3 Be7 5. Bg2 O-O 6. O-O c6 7. Qc2 b6 8. Bf4 Bb7
9. Nbd2 Nbd7 10. Rac1 c5 11. dxc5 bxc5 12. cxd5 Nxd5 13. Nc4 Nxf4 14. gxf4 Qc7 15.
Rfd1 Nf6 16. Nfe5 Bxg2 17. Kxg2 Rfd8 18. Qb3 Nd5 19. Qf3 Bf6 20. Nd3 Rac8 21. e3
Nb4 22. Nxb4 cxb4 23. b3 Bc3 24. h3 g6 25. a4 Rxd1 26. Rxd1 Rd8 27. Kf1 Rxd1+ 28.
Qxd1 Qc5 29. Qd7 Qf5 30. Kg2 Qe4+ 31. Kg3 Qh1 32. Nd6 Qg1+ 33. Kf3 Qh1+ 34. Kg3 Qg1+
 1/2-1/2

[Event "Hradec Kralove Open 2022 - A FIDE Open"]
[Site "Cernigov hotel, Hradec Kralove"]
[Date "2022.11.08"]
[Round "5"]
[Board "3"]
[White "Mannion, Stephen R"]
[Black "Smietanska, Wiktoria"]
[Result "1/2-1/2"]
[WhiteElo "2227"]
[BlackElo "1954"]
[PlyCount "53"]
[EventDate "2022.11.05"]
[EventRounds "9"]
[EventCountry "CZE"]

1. e4 c5 2. Nf3 d6 3. d4 cxd4 4. Nxd4 Nf6 5. Nc3 a6 6. f3 e5 7. Nb3 Be6 8. Be3 Nbd7
9. g4 Be7 10. Qd2 b5 11. O-O-O Nb6 12. g5 Nh5 13. Nd5 Nxd5 14. exd5 Bd7 15. Bd3 a5
16. Kb1 b4 17. Nc1 Rb8 18. Ne2 O-O 19. Rhg1 a4 20. f4 Nxf4 21. Nxf4 exf4 22. Bxf4
Qc7 23. h4 Bb5 24. Be4 Rfe8 25. Rge1 Bf8 26. h5 b3 27. cxb3  1/2-1/2

[Event "Hradec Kralove Open 2022 - A FIDE Open"]
[Site "Cernigov hotel, Hradec Kralove"]
[Date "2022.11.08"]
[Round "5"]
[Board "4"]
[White "Moser, Axel"]
[Black "Celik, Ali Alper"]
[Result "1/2-1/2"]
[WhiteElo "2138"]
[BlackElo "1949"]
[PlyCount "45"]
[EventDate "2022.11.05"]
[EventRounds "9"]
[EventCountry "CZE"]

1. Nf3 d5 2. d4 Bf5 3. c4 e6 4. Nc3 c6 5. Qb3 Qb6 6. c5 Qxb3 7. axb3 Nf6 8. Bf4 Nbd7
9. b4 Be7 10. b5 O-O 11. bxc6 bxc6 12. h3 Ne4 13. Rc1 a5 14. Nxe4 Bxe4 15. Nd2 Bg6
16. e3 a4 17. Be2 a3 18. bxa3 Rxa3 19. O-O Ra2 20. Rfd1 Rfa8 21. Bf3 Bf6 22. Nf1
Rb2 23. Rd2  1/2-1/2

[Event "Hradec Kralove Open 2022 - A FIDE Open"]
[Site "Cernigov hotel, Hradec Kralove"]
[Date "2022.11.08"]
[Round "5"]
[Board "5"]
[White "Paldus, Petr"]
[Black "Dusbaba, Karel"]
[Result "1/2-1/2"]
[WhiteElo "1960"]
[BlackElo "2046"]
[PlyCount "45"]
[EventDate "2022.11.05"]
[EventRounds "9"]
[EventCountry "CZE"]

1. e4 e6 2. d4 d5 3. exd5 exd5 4. Nf3 c6 5. Bd3 Bd6 6. O-O Ne7 7. c3 Bf5 8. Re1 Bxd3
9. Qxd3 O-O 10. Bg5 Qc7 11. Bxe7 Bxe7 12. Nbd2 Bf6 13. Re2 Nd7 14. Rae1 Rfd8 15.
Nf1 Nf8 16. Qf5 Qd7 17. Ng3 Qxf5 18. Nxf5 Ne6 19. g3 Kf8 20. Ne5 Nc7 21. Kf1 h5 22.
a4 g6 23. Nh4  1/2-1/2

[Event "Hradec Kralove Open 2022 - A FIDE Open"]
[Site "Cernigov hotel, Hradec Kralove"]
[Date "2022.11.08"]
[Round "5"]
[Board "9"]
[White "Kaser, Nicolas"]
[Black "Sykora, Marek"]
[Result "0-1"]
[WhiteElo "1877"]
[BlackElo "2251"]
[PlyCount "66"]
[EventDate "2022.11.05"]
[EventRounds "9"]
[EventCountry "CZE"]

1. e4 e5 2. Nc3 Nf6 3. f4 d5 4. fxe5 Nxe4 5. Qf3 Nxc3 6. dxc3 Be6 7. Bf4 c6 8. O-O-O
Qa5 9. Kb1 Nd7 10. Nh3 h6 11. Bg3 d4 12. c4 Nxe5 13. Qe4 Ng6 14. Rxd4 Bc5 15. Rd1
O-O 16. Bd3 Rae8 17. Qf3 Bxh3 18. gxh3 Ne5 19. Qh5 Nxd3 20. Rxd3 Qb4 21. Rb3 Qxc4
22. Rd1 b6 23. Rc3 Qe2 24. Qg4 f5 25. Qc4+ Qxc4 26. Rxc4 Re4 27. Rxe4 fxe4 28. c3
Bf2 29. Bd6 e3 30. Bxf8 e2 31. Rc1 Kxf8 32. Kc2 e1=Q 33. Rxe1 Bxe1  0-1

[Event "Hradec Kralove Open 2022 - A FIDE Open"]
[Site "Cernigov hotel, Hradec Kralove"]
[Date "2022.11.08"]
[Round "5"]
[Board "10"]
[White "Tesar, Jan"]
[Black "Stankova, Radka"]
[Result "1-0"]
[WhiteElo "1977"]
[BlackElo "1833"]
[PlyCount "87"]
[EventDate "2022.11.05"]
[EventRounds "9"]
[EventCountry "CZE"]

1. c4 Nf6 2. Nc3 e6 3. e4 e5 4. g3 d6 5. Bg2 g6 6. Nge2 Bg7 7. O-O O-O 8. d3 Nc6
9. h3 Ne8 10. Be3 Nd4 11. Qc1 c6 12. Bh6 f5 13. Bxg7 Nxg7 14. Nxd4 exd4 15. Ne2 fxe4
16. dxe4 c5 17. f4 Qc7 18. g4 Bd7 19. f5 Bc6 20. fxg6 Rxf1+ 21. Qxf1 hxg6 22. Qf6
Rf8 23. Qxg6 Qf7 24. Qxf7+ Rxf7 25. Rf1 Re7 26. Ng3 Re5 27. h4 Kh7 28. Kh2 Kg6 29.
Kh3 Bd7 30. Nf5 Re6 31. Kg3 Bc6 32. Kf4 Ne8 33. h5+ Kh7 34. g5 Ng7 35. g6+ Kh8 36.
Kg5 Bxe4 37. Bxe4 Rxe4 38. h6 Nxf5 39. Rxf5 Re5 40. Rxe5 dxe5 41. Kf6 d3 42. Kf7
d2 43. g7+ Kh7 44. g8=Q+  1-0

[Event "Hradec Kralove Open 2022 - A FIDE Open"]
[Site "Cernigov hotel, Hradec Kralove"]
[Date "2022.11.08"]
[Round "5"]
[Board "11"]
[White "Jiruse, Josef"]
[Black "Nemec, Otakar"]
[Result "1/2-1/2"]
[WhiteElo "1917"]
[BlackElo "1805"]
[PlyCount "82"]
[EventDate "2022.11.05"]
[EventRounds "9"]
[EventCountry "CZE"]

1. e4 c5 2. Nc3 Nc6 3. Bc4 g6 4. d3 Bg7 5. f4 e6 6. Nf3 Nge7 7. Bb3 O-O 8. O-O d5
9. e5 a6 10. a4 b6 11. d4 cxd4 12. Nxd4 Nxd4 13. Qxd4 Nc6 14. Qd1 a5 15. Nb5 Ba6
16. c3 Na7 17. c4 dxc4 18. Bxc4 Nxb5 19. axb5 Qc7 20. Qe2 Bc8 21. b3 Rd8 22. Be3
Bf8 23. h4 h5 24. g4 hxg4 25. Qxg4 Bc5 26. Bf2 Bb7 27. h5 Kg7 28. Be2 Rh8 29. Qg3
Rag8 30. Rac1 Kf8 31. Bxc5+ bxc5 32. Qe3 gxh5+ 33. Kf2 Rg2+ 34. Ke1 h4 35. Rxc5 Qd7
36. Bf3 Rg3 37. Qe2 Rhg8 38. Bxb7 Qxb7 39. Rc6 Qd7 40. Rd6 Qc7 41. Rc6 Qd7  1/2-1/2

[Event "Hradec Kralove Open 2022 - A FIDE Open"]
[Site "Cernigov hotel, Hradec Kralove"]
[Date "2022.11.08"]
[Round "5"]
[Board "14"]
[White "Voriskova, Anna"]
[Black "Krasa, Marek"]
[Result "1-0"]
[WhiteElo "1804"]
[BlackElo "1651"]
[PlyCount "83"]
[EventDate "2022.11.05"]
[EventRounds "9"]
[EventCountry "CZE"]

1. d4 Nf6 2. c4 e6 3. Nf3 b6 4. g3 d5 5. Bg2 Bb7 6. O-O Be7 7. Nc3 O-O 8. Qc2 dxc4
9. e4 a6 10. a4 h6 11. Rd1 Qc8 12. Nd2 Rd8 13. Nxc4 Bb4 14. Bf4 Nbd7 15. Rac1 Nh5
16. Be3 Nhf6 17. Qe2 Bxc3 18. Rxc3 Qb8 19. Bf4 Rc8 20. Rdc1 Qa7 21. b4 Rab8 22. Ne5
Nxe5 23. Bxe5 Ne8 24. Bxc7 Ra8 25. d5 Rxc7 26. Rxc7 Nxc7 27. Rxc7 Rc8 28. Qc2 Qb8
29. d6 Rd8 30. e5 Bxg2 31. Kxg2 g6 32. h4 b5 33. a5 Qa8+ 34. Qc6 Kg7 35. Qf3 Qxf3+
36. Kxf3 Kf8 37. Ra7 f6 38. Rxa6 fxe5 39. Ke4 Rc8 40. Kxe5 Rc4 41. Ra8+ Kf7 42. d7
 1-0

[Event "Hradec Kralove Open 2022 - A FIDE Open"]
[Site "Cernigov hotel, Hradec Kralove"]
[Date "2022.11.08"]
[Round "5"]
[Board "15"]
[White "Valik, Ondrej"]
[Black "Peglau, Dora"]
[Result "0-1"]
[WhiteElo "1675"]
[BlackElo "1798"]
[PlyCount "76"]
[EventDate "2022.11.05"]
[EventRounds "9"]
[EventCountry "CZE"]

1. c4 Nf6 2. Nc3 e6 3. e4 d5 4. e5 Ne4 5. Qc2 Nxc3 6. bxc3 c5 7. cxd5 exd5 8. d4
Nc6 9. Bb5 Bd7 10. Bxc6 Bxc6 11. Ne2 Rc8 12. Qd3 cxd4 13. cxd4 Bb4+ 14. Bd2 Bxd2+
15. Qxd2 O-O 16. O-O Bb5 17. Rfc1 Bxe2 18. Qxe2 Qd7 19. Qd2 b5 20. Rxc8 Rxc8 21.
Rc1 Rc4 22. Rxc4 bxc4 23. Qb4 h5 24. Kf1 Qg4 25. Qd2 Qe4 26. f3 Qb1+ 27. Kf2 Qb6
28. f4 Qb1 29. h3 h4 30. Kf3 Kh7 31. Kg4 Qg6+ 32. Kxh4 Qd3 33. Qb2 c3 34. Qb7 Qf5
35. g4 Qxf4 36. Qb1+ Qe4 37. Qc1 Qxd4 38. Qg5 Qf2+  0-1

[Event "Hradec Kralove Open 2022 - A FIDE Open"]
[Site "Cernigov hotel, Hradec Kralove"]
[Date "2022.11.09"]
[Round "6"]
[Board "1"]
[White "Jirasek, Pavel"]
[Black "Gorkiewicz, Mateusz"]
[Result "1-0"]
[WhiteElo "2291"]
[BlackElo "2028"]
[PlyCount "71"]
[EventDate "2022.11.05"]
[EventRounds "9"]
[EventCountry "CZE"]

1. c4 e6 2. Nf3 d5 3. d4 Nf6 4. g3 Be7 5. Bg2 O-O 6. O-O dxc4 7. Ne5 Nc6 8. Nxc6
bxc6 9. Na3 Bxa3 10. bxa3 Ba6 11. Qd2 Rb8 12. Rd1 Qc8 13. e4 Rd8 14. Qc3 c5 15. Be3
Ng4 16. dxc5 Nxe3 17. Qxe3 Rd3 18. Rxd3 cxd3 19. Bf1 Qd7 20. c6 Qxc6 21. Bxd3 Qc3
22. Rd1 Rd8 23. Bf1 Rxd1 24. Qxc3 Bxf1 25. f3 Bb5+ 26. Kf2 h6 27. Qxc7 a6 28. Qc3
Rd6 29. a4 Rc6 30. Qb3 Bc4 31. Qb7 Rc5 32. a3 g6 33. Ke3 Bf1 34. Qb8+ Kg7 35. Qb1
Rc3+ 36. Kf2  1-0

[Event "Hradec Kralove Open 2022 - A FIDE Open"]
[Site "Cernigov hotel, Hradec Kralove"]
[Date "2022.11.09"]
[Round "6"]
[Board "2"]
[White "Arndt, Stefan"]
[Black "Peglau, Charis"]
[Result "1-0"]
[WhiteElo "2176"]
[BlackElo "1974"]
[PlyCount "69"]
[EventDate "2022.11.05"]
[EventRounds "9"]
[EventCountry "CZE"]

1. d4 Nf6 2. Nf3 d5 3. c4 e6 4. e3 Be7 5. b3 O-O 6. Bd3 c5 7. O-O Nc6 8. Bb2 b6 9.
Nbd2 Bb7 10. Rc1 Rc8 11. Qe2 cxd4 12. exd4 Qd7 13. Rfd1 Rfd8 14. Ne5 Nxe5 15. dxe5
Ne8 16. Nf3 Nc7 17. h4 Qe8 18. h5 h6 19. Bb1 dxc4 20. bxc4 Qa4 21. Nd4 Bg5 22. Rc3
Na6 23. Bc2 Qe8 24. Rg3 Nb4 25. Bb3 a6 26. Qg4 Qf8 27. f4 Be7 28. f5 Rxd4 29. Bxd4
exf5 30. Qxf5 Bc5 31. e6 Rd8 32. exf7+ Qxf7 33. Qxf7+ Kxf7 34. Rxg7+ Kf8 35. Rf1+
 1-0

[Event "Hradec Kralove Open 2022 - A FIDE Open"]
[Site "Cernigov hotel, Hradec Kralove"]
[Date "2022.11.09"]
[Round "6"]
[Board "3"]
[White "Sykora, Marek"]
[Black "Valenta, Vit Vaclav"]
[Result "1-0"]
[WhiteElo "2251"]
[BlackElo "1984"]
[PlyCount "65"]
[EventDate "2022.11.05"]
[EventRounds "9"]
[EventCountry "CZE"]

1. e4 e5 2. Nf3 Nc6 3. Bc4 Be7 4. d4 d6 5. dxe5 dxe5 6. Qxd8+ Bxd8 7. Nc3 Nf6 8.
Be3 a6 9. O-O-O Ng4 10. Bc5 b6 11. Bd5 Bd7 12. Bxf7+ Kxf7 13. Rxd7+ Kg6 14. Bxb6
Nf6 15. Rxd8 Rhxd8 16. Bxc7 Re8 17. Rd1 Rac8 18. Bb6 h6 19. Nh4+ Kh7 20. Nf5 Re6
21. f3 Nb4 22. Be3 a5 23. a3 Na6 24. Rd6 Rc6 25. Rxe6 Rxe6 26. Nd5 Nd7 27. b4 axb4
28. axb4 Nf6 29. b5 Nb8 30. c4 Re8 31. Kb2 Rc8 32. Nxf6+ gxf6 33. Kb3  1-0

[Event "Hradec Kralove Open 2022 - A FIDE Open"]
[Site "Cernigov hotel, Hradec Kralove"]
[Date "2022.11.09"]
[Round "6"]
[Board "4"]
[White "Celik, Ali Alper"]
[Black "Mannion, Stephen R"]
[Result "1/2-1/2"]
[WhiteElo "1949"]
[BlackElo "2227"]
[PlyCount "82"]
[EventDate "2022.11.05"]
[EventRounds "9"]
[EventCountry "CZE"]

1. e4 e5 2. Nf3 Nc6 3. Bc4 Bc5 4. c3 Nf6 5. d4 exd4 6. e5 d5 7. Bb5 Ne4 8. cxd4 Bb6
9. Nc3 O-O 10. Be3 Bg4 11. h3 Bh5 12. Qc2 Bg6 13. Qb3 Ne7 14. Nh4 c5 15. dxc5 Nxc5
16. Bxc5 Bxc5 17. O-O Bd4 18. Nxg6 hxg6 19. Rfe1 a6 20. Bd3 b5 21. Re2 Qd7 22. Rd1
Rab8 23. Bxg6 Bxf2+ 24. Rxf2 Nxg6 25. Qxd5 Qxd5 26. Rxd5 Rfe8 27. Rd6 b4 28. Na4
a5 29. Re2 Nxe5 30. Rd5 Nc4 31. Rxe8+ Rxe8 32. b3 Ne3 33. Rxa5 Rd8 34. Re5 Rd1+ 35.
Kf2 Nc2 36. Rc5 Rd2+ 37. Kg1 Ne3 38. Rg5 Rxa2 39. Rg3 Re2 40. Nc5 Nd5 41. Rg4 Rd2
 1/2-1/2

[Event "Hradec Kralove Open 2022 - A FIDE Open"]
[Site "Cernigov hotel, Hradec Kralove"]
[Date "2022.11.09"]
[Round "6"]
[Board "5"]
[White "Smietanska, Wiktoria"]
[Black "Moser, Axel"]
[Result "1-0"]
[WhiteElo "1954"]
[BlackElo "2138"]
[PlyCount "53"]
[EventDate "2022.11.05"]
[EventRounds "9"]
[EventCountry "CZE"]

1. e4 c5 2. Nf3 Nc6 3. d4 cxd4 4. Nxd4 Nf6 5. Nc3 d6 6. Bg5 g6 7. Qd2 Bg7 8. Nb3
O-O 9. O-O-O Be6 10. f3 Rc8 11. g4 Ne5 12. Qe3 Qc7 13. h4 a5 14. Nd4 Bc4 15. h5 Bxf1
16. Rdxf1 Nc4 17. Qd3 Qb6 18. b3 Ne5 19. Qd2 Rxc3 20. Qxc3 Nexg4 21. hxg6 hxg6 22.
Qd2 Rc8 23. Re1 Ne5 24. Bh6 Bh8 25. Rh3 Nfd7 26. Be3 Bf6 27. Reh1  1-0

[Event "Hradec Kralove Open 2022 - A FIDE Open"]
[Site "Cernigov hotel, Hradec Kralove"]
[Date "2022.11.09"]
[Round "6"]
[Board "6"]
[White "Dusbaba, Karel"]
[Black "Antoniewicz, Jakub"]
[Result "1/2-1/2"]
[WhiteElo "2046"]
[BlackElo "1945"]
[PlyCount "76"]
[EventDate "2022.11.05"]
[EventRounds "9"]
[EventCountry "CZE"]

1. c4 e5 2. Nc3 Nf6 3. g3 d5 4. cxd5 Nxd5 5. Bg2 Nxc3 6. bxc3 Nc6 7. Qb3 Bd6 8. e3
O-O 9. Ne2 Na5 10. Qa4 c5 11. d4 Bd7 12. Qd1 Bc6 13. Bxc6 Nxc6 14. O-O cxd4 15. cxd4
exd4 16. Nxd4 Qf6 17. Nb3 Rfd8 18. Qe2 Rac8 19. Bb2 Be5 20. Bxe5 Qxe5 21. Rad1 h6
22. h4 b6 23. Rc1 a5 24. Qg4 h5 25. Qf3 Nb4 26. a3 Nc2 27. a4 Rc3 28. Rb1 Nxe3 29.
fxe3 Rxe3 30. Qxf7+ Kh7 31. Rf3 Rdd3 32. Rxe3 Qxe3+ 33. Qf2 Rxb3 34. Qxe3 Rxe3 35.
Kf2 Re4 36. Rxb6 Rxa4 37. Kf3 g6 38. Rb7+ Kg8  1/2-1/2

[Event "Hradec Kralove Open 2022 - A FIDE Open"]
[Site "Cernigov hotel, Hradec Kralove"]
[Date "2022.11.09"]
[Round "6"]
[Board "7"]
[White "Kraus, Ondrej"]
[Black "Paldus, Petr"]
[Result "1-0"]
[WhiteElo "1992"]
[BlackElo "1960"]
[PlyCount "107"]
[EventDate "2022.11.05"]
[EventRounds "9"]
[EventCountry "CZE"]

1. d4 d5 2. c4 e6 3. Nc3 f5 4. cxd5 exd5 5. Nf3 Nf6 6. Bg5 c6 7. Qc2 Be7 8. e3 O-O
9. Bd3 Ne4 10. Bf4 Nd7 11. O-O g5 12. Be5 g4 13. Ne1 Nxe5 14. dxe5 Nxc3 15. Qxc3
Be6 16. b4 a5 17. b5 c5 18. Be2 d4 19. Qc2 dxe3 20. Rd1 exf2+ 21. Rxf2 Qb6 22. Bc4
Rad8 23. Rxd8 Bxd8 24. Rd2 Be7 25. Rd7 Re8 26. Qxf5 Bxc4 27. Qxg4+ Kf8 28. Qxc4 Rd8
29. Rxd8+ Qxd8 30. Nd3 b6 31. h3 Bg5 32. Kh2 Be3 33. Qe4 Qd4 34. Qf5+ Ke8 35. Qc8+
Ke7 36. Qb7+ Ke8 37. Qc6+ Ke7 38. Qf6+ Ke8 39. Qh8+ Ke7 40. Qxh7+ Ke8 41. Qg6+ Ke7
42. Qf6+ Ke8 43. Qe6+ Kd8 44. Qxb6+ Ke8 45. Qe6+ Kf8 46. Qf6+ Ke8 47. Qg6+ Kd8 48.
b6 Bf4+ 49. Nxf4 Qxf4+ 50. Qg3 Qb4 51. Qg8+ Ke7 52. b7 Qf4+ 53. Qg3 Qb4 54. e6  1-0

[Event "Hradec Kralove Open 2022 - A FIDE Open"]
[Site "Cernigov hotel, Hradec Kralove"]
[Date "2022.11.09"]
[Round "6"]
[Board "9"]
[White "Peglau, Dora"]
[Black "Jiruse, Josef"]
[Result "0-1"]
[WhiteElo "1798"]
[BlackElo "1917"]
[PlyCount "162"]
[EventDate "2022.11.05"]
[EventRounds "9"]
[EventCountry "CZE"]

1. d4 d5 2. c4 c6 3. Nc3 Nf6 4. Nf3 Bf5 5. cxd5 cxd5 6. Bf4 Nc6 7. e3 e6 8. Bd3 Bxd3
9. Qxd3 a6 10. O-O Bd6 11. Bg5 O-O 12. Rac1 Rc8 13. a3 h6 14. Bh4 Na5 15. b4 Nc4
16. e4 Be7 17. e5 Nh7 18. Bxe7 Qxe7 19. Ne2 Ng5 20. Nxg5 Qxg5 21. f4 Qg6 22. f5 exf5
23. Nf4 Qg5 24. h4 Qd8 25. Qxf5 Ne3 26. Qxc8 Qxc8 27. Rxc8 Rxc8 28. Rf3 Nf5 29. Nxd5
Rc1+ 30. Kh2 Nxd4 31. Ne7+ Kf8 32. Rd3 Kxe7 33. Rxd4 Rc3 34. a4 Re3 35. Rc4 Kd8 36.
Rd4+ Ke8 37. g4 Rxe5 38. Kg3 Ke7 39. Kf4 Re6 40. b5 a5 41. Rc4 Kd7 42. h5 g6 43.
hxg6 fxg6 44. Rc2 Rd6 45. Ke5 h5 46. gxh5 gxh5 47. Rg2 Re6+ 48. Kd5 b6 49. Rh2 Rh6
50. Rh4 Ke7 51. Ke5 Rh8 52. Kf5 Kd6 53. Kg5 Re8 54. Rf4 Re5+ 55. Kf6 Kd5 56. Rh4
Re4 57. Rxh5+ Kd6 58. Rh1 Rf4+ 59. Kg5 Rxa4 60. Rc1 Rb4 61. Rc6+ Kd5 62. Rxb6 Kc5
63. Ra6 Kxb5 64. Ra8 Re4 65. Kf5 Re1 66. Rb8+ Kc4 67. Rc8+ Kb3 68. Rb8+ Ka3 69. Kf4
a4 70. Kf3 Ka2 71. Kf2 Re7 72. Rb4 a3 73. Rb5 Ka1 74. Rb6 a2 75. Rb5 Rh7 76. Ke2
Rh1 77. Kd3 Rb1 78. Ra5 Kb2 79. Rb5+ Ka3 80. Ra5+ Kb3 81. Rb5+ Ka4  0-1

[Event "Hradec Kralove Open 2022 - A FIDE Open"]
[Site "Cernigov hotel, Hradec Kralove"]
[Date "2022.11.09"]
[Round "6"]
[Board "10"]
[White "Navratil, Jiri"]
[Black "Prachar, Josef"]
[Result "1/2-1/2"]
[WhiteElo "1891"]
[BlackElo "1774"]
[PlyCount "68"]
[EventDate "2022.11.05"]
[EventRounds "9"]
[EventCountry "CZE"]

1. d4 Nf6 2. Nf3 d5 3. Bf4 c5 4. c3 Qb6 5. Qb3 c4 6. Qxb6 axb6 7. Na3 Bd7 8. e3 e6
9. Nc2 Na6 10. Be2 Be7 11. Ne5 Bc6 12. O-O O-O 13. a3 Ba4 14. Bd1 Rfd8 15. h3 Ne4
16. Ne1 Nd2 17. Bxa4 Nxf1 18. Kxf1 Nb8 19. Bc2 f6 20. N5f3 Nc6 21. e4 dxe4 22. Bxe4
Na5 23. Ke2 Bd6 24. Bxd6 Rxd6 25. Nc2 f5 26. Bxf5 exf5 27. Ne5 b5 28. f4 Nc6 29.
Ne3 g6 30. Rf1 Ne7 31. Kf3 Rf8 32. g3 Kg7 33. Rf2 h6 34. h4 h5  1/2-1/2

[Event "Hradec Kralove Open 2022 - A FIDE Open"]
[Site "Cernigov hotel, Hradec Kralove"]
[Date "2022.11.09"]
[Round "6"]
[Board "11"]
[White "Kalveus, Jan"]
[Black "Novotny, Lubomir"]
[Result "0-1"]
[WhiteElo "1766"]
[BlackElo "1846"]
[PlyCount "82"]
[EventDate "2022.11.05"]
[EventRounds "9"]
[EventCountry "CZE"]

1. e4 c5 2. Nc3 Nc6 3. g3 g6 4. Bg2 Bg7 5. d3 d6 6. Nge2 e6 7. O-O Nge7 8. Be3 Nd4
9. Qd2 O-O 10. f4 Rb8 11. Rab1 b5 12. g4 f5 13. exf5 gxf5 14. g5 b4 15. Na4 Bd7 16.
b3 Bxa4 17. bxa4 Qa5 18. Bxd4 cxd4 19. Ng3 Qxa4 20. Qe2 Qd7 21. Rbe1 e5 22. Nh5 Bh8
23. Nf6+ Bxf6 24. gxf6 Ng6 25. Bd5+ Kh8 26. f7 Nxf4 27. Rxf4 exf4 28. Qf2 Rxf7 29.
Bxf7 Qxf7 30. Qxd4+ Qg7+ 31. Qxg7+ Kxg7 32. Re7+ Kg6 33. Rxa7 Rc8 34. Ra6 Rxc2 35.
Rxd6+ Kg5 36. Rd4 Rb2 37. Rc4 Kg4 38. d4 Kf3 39. h4 Kg3 40. Kf1 f3 41. Rc1 Rh2  0-1

[Event "Hradec Kralove Open 2022 - A FIDE Open"]
[Site "Cernigov hotel, Hradec Kralove"]
[Date "2022.11.10"]
[Round "7"]
[Board "1"]
[White "Sykora, Marek"]
[Black "Jirasek, Pavel"]
[Result "0-1"]
[WhiteElo "2251"]
[BlackElo "2291"]
[PlyCount "82"]
[EventDate "2022.11.05"]
[EventRounds "9"]
[EventCountry "CZE"]

1. e4 c5 2. c3 Nf6 3. e5 Nd5 4. d4 cxd4 5. Nf3 d6 6. cxd4 Nc6 7. Bc4 e6 8. O-O Be7
9. Nbd2 Nb6 10. Bb5 Bd7 11. exd6 Bxd6 12. Ne4 Be7 13. Bf4 O-O 14. Bd3 Nd5 15. Bg3
Rc8 16. Nd6 Bxd6 17. Bxd6 Re8 18. Ne5 Nxe5 19. dxe5 Nf4 20. Be4 Bc6 21. Bxc6 Rxc6
22. Qg4 Nd5 23. Rac1 Qb6 24. Rxc6 Qxc6 25. Qd4 b6 26. h4 Rc8 27. b3 Qc2 28. Qa4 h5
29. Qxa7 Qg6 30. Qa4 Rc2 31. Qd4 Rxa2 32. Rc1 Qf5 33. g3 Qf3 34. b4 Re2 35. b5 Ne3
36. Rc8+ Kh7 37. Qd3+ g6 38. Qxe3 Rxe3 39. fxe3 Qxg3+ 40. Kh1 Qxh4+ 41. Kg2 g5  0-1